The making of a small state : (Record no. 57268)

MARC details
000 -LEADER
fixed length control field 01266nam a22003017a 4500
005 - DATE AND TIME OF LATEST TRANSACTION
control field 20111004114128.0
008 - FIXED-LENGTH DATA ELEMENTS--GENERAL INFORMATION
fixed length control field 111004t xxu||||| |||| 00| 0 eng d
010 ## - LCCN (DPL NO)
LC control number ENG-103865
020 ## - INTERNATIONAL STANDARD BOOK NUMBER
International Standard Book Number 9788125042006
Terms of availability 745.00
035 ## - SYSTEM CONTROL NUMBER
System control number EN-87398
037 ## - SOURCE OF ACQUISITION
Source of stock number/acquisition DBAD/PUB
040 ## - CATALOGING SOURCE
Original cataloging agency DPL
Language of cataloging Eng
082 00 - DEWEY DECIMAL CLASSIFICATION NUMBER
Classification number 954.2
100 ## - MAIN ENTRY--PERSONAL NAME
9 (RLIN) 35214
Personal name Anup Kumar
245 00 - TITLE STATEMENT
Title The making of a small state :
Remainder of title populist social mobilisation and the Hindi press in the Uttarakhand movement /
Statement of responsibility, etc by Anup Kumar
260 ## - PUBLICATION, DISTRIBUTION, ETC. (IMPRINT)
Place of publication, distribution, etc New Delhi
Name of publisher, distributor, etc Orient Blackswan
Date of publication, distribution, etc 2011
270 ## - ADDRESS
Address 1/24, Asaf Ali Road
City New Delhi
Postal code 110002
300 ## - PHYSICAL DESCRIPTION
Extent xx,335p. :
Dimensions 24cm (Hb)
Other physical details ill.
490 ## - SERIES STATEMENT
Series statement New perspectives in South Asian history 2 ; edited by Sanjoy Bhattacharya [and] Niels Brimnes
-- 35222
500 ## - GENERAL NOTE
General note Includes bibliographical references and index
600 ## - SUBJECT ADDED ENTRY--PERSONAL NAME
9 (RLIN) 35206
650 ## - SUBJECT ADDED ENTRY--TOPICAL TERM
9 (RLIN) 35208
700 ## - ADDED ENTRY--PERSONAL NAME
9 (RLIN) 35211
830 ## - SERIES ADDED ENTRY--UNIFORM TITLE
9 (RLIN) 35213
942 ## - ADDED ENTRY ELEMENTS (KOHA)
Source of classification or shelving scheme Dewey Decimal Classification
Item type English Books
Classification part 954.2
Call number suffix ANU
Holdings
Withdrawn status Lost status Source of classification or shelving scheme Damaged status Not for loan Collection code Home library Current library Date acquired Source of acquisition Cost, normal purchase price Total Checkouts Full call number Barcode Date last seen Copy number Cost, replacement price Koha item type
    Dewey Decimal Classification   Not For Loan Non-fiction D.B.Act.Division D.B.Act.Division 04/10/2011 DBAD/PUB 745.00   954.2 ANU EN-87398 04/10/2011 1 745.00 English Books

© Delhi Public Library
Hit Counter
free hit counter